| 000 | 01876cam a22004934i 4500 | ||
|---|---|---|---|
| 003 | PE-LiUPU | ||
| 005 | 20250731184544.0 | ||
| 008 | 150623s r 000 0 d | ||
| 020 | _a1565637127 | ||
| 035 | _a(Sirsi) i9781565637122 | ||
| 040 |
_aPE-LiUPU _bspa _cPE-LiUPU _erda |
||
| 049 | _aPRUA | ||
| 082 | 0 | 4 |
_a935.009 _bN39 _221 |
| 100 | 1 |
_aNemet-Nejat, Karen Rhea, _eautor. |
|
| 245 | 1 | 0 |
_aDaily life in ancient mesopotamia / _cKaren Rhea Nemet-Nejat. |
| 264 | 1 |
_aPeabody, Massachusetts : _bHendrickson Publishers, _c2002. |
|
| 300 |
_a346 páginas : _bilustraciones, tablas, gráficos ; _c23 centímetros |
||
| 336 |
_atext _2rdacontent |
||
| 337 |
_aunmediated _2rdamedia |
||
| 338 |
_avolume _2rdacarrier |
||
| 500 | _a"Glosario": (A-Z). | ||
| 504 | _aIncluye bibliografía. | ||
| 505 | 0 | _aGeneral information. Historical Overview. Writing, Education, and literature. The sciences. Society, Part I: City life, country life, nomadic and simi-nomadic life. Society, part II prevate life. Recreation. Religon. Govenment. Economy. The legacy of ancient Mesopotamia. | |
| 526 | _aP136 | ||
| 526 | _aP135 | ||
| 526 | _aP134 | ||
| 526 | _aP133 | ||
| 526 | _aP144 | ||
| 526 | _aP143 | ||
| 526 | _aP87 | ||
| 526 | _aP35 | ||
| 526 | _aP20 | ||
| 526 | _aP14 | ||
| 526 | _aP10 | ||
| 526 | _aP06 | ||
| 650 | 0 | 4 |
_aIrak _xCivilización, 634. |
| 650 | 0 | 4 |
_aMesopotamia _xVida y costumbres _yEpoca antigua. |
| 942 |
_2ddc _cBOOK |
||
| 949 |
_a935.009 N39 _wDEWEY _c1 _i53380 _lCCODEBUL1 _mBUL _p25.00 _r0 _sY _tBOOK _u2015-6-24 _xTEOLOGIA _PP35 _0COMPRA _o.STAFF. Colección General |
||
| 994 |
_aC0 _bPEPRU |
||
| 596 | _a1 | ||
| 999 |
_a935.009 N39 _wDEWEY _c35348 _i53380 _f2021-11-11 _g5 _lCCODEBUL1 _mBUL _p25.00 _r0 _sY _tBOOK _u2015-6-24 _xTEOLOGIA _PP35 _0COMPRA _o.STAFF. Colección General _d35348 |
||
| 980 |
_81 _gALBERTO SANCHEZ Responsable de Automatización |
||